[Event "Regionalliga Sued-West 1819"]
[Site "Bayern"]
[Date "2019.02.24"]
[Round "7.3"]
[White "Ciaffone, Daniel"]
[Black "Erler, Mark"]
[Result "1/2-1/2"]
[WhiteElo "2119"]
[BlackElo "2008"]
[PlyCount "39"]
[EventDate "2018.10.21"]
[EventType "team-tourn"]
[EventRounds "9"]
[EventCountry "GER"]
[SourceTitle "EXT 2022"]
[Source "ChessBase"]
[SourceDate "2021.10.06"]
[SourceVersion "1"]
[SourceVersionDate "2021.10.06"]
[SourceQuality "1"]
[WhiteTeam "Muenchen Bayern III"]
[BlackTeam "Tuerkheim/Bad Woerishofen"]
[WhiteTeamCountry "GER"]
[BlackTeamCountry "GER"]

1. e4 c6 2. d4 d5 3. Nd2 dxe4 4. Nxe4 Bf5 5. Ng3 Bg6 6. h4 h6 7. Nf3 Nd7 8. h5 Bh7 9. Bd3 Bxd3 10. Qxd3 e6 11. Bd2 Ngf6 12. 0-0-0 Be7 13. Kb1 c5 14. Ne4 Qb6 15. Be3 0-0 16. dxc5 Nxc5 17. Bxc5 Bxc5 18. Nxf6+ gxf6 19. Nd2 Be7 20. f4 1/2-1/2

[Event "Regionalliga Sued-West 1718"]
[Site "Bayern"]
[Date "2017.11.26"]
[Round "3.2"]
[White "Hennig, Dirk"]
[Black "Ciaffone, Daniel"]
[Result "1/2-1/2"]
[WhiteElo "2316"]
[BlackElo "2096"]
[PlyCount "32"]
[EventDate "2017.10.22"]
[EventType "team-tourn"]
[EventRounds "9"]
[EventCountry "GER"]
[SourceTitle "EXT 2022"]
[Source "ChessBase"]
[SourceDate "2021.10.06"]
[SourceVersion "1"]
[SourceVersionDate "2021.10.06"]
[SourceQuality "1"]
[WhiteTeam "Muenchen SC II"]
[BlackTeam "Muenchen FC Bayern"]
[WhiteTeamCountry "GER"]
[BlackTeamCountry "GER"]

1. d4 d5 2. Nf3 e6 3. c4 c5 4. cxd5 exd5 5. g3 Nc6 6. Bg2 Nf6 7. 0-0 Be7 8. Nc3 0-0 9. Be3 c4 10. Ne5 Be6 11. Qd2 Bb4 12. a3 Ba5 13. Nxc6 bxc6 14. f3 Rb8 15. g4 Rb3 16. Rac1 Qb8 1/2-1/2

[Event "Regionalliga SW 1617"]
[Site "Bayern"]
[Date "2017.03.19"]
[Round "7.3"]
[White "Bonacci, Mauro"]
[Black "Ciaffone, Daniel"]
[Result "0-1"]
[WhiteElo "2067"]
[BlackElo "2095"]
[PlyCount "48"]
[EventDate "2016.10.16"]
[EventType "team-tourn"]
[EventRounds "9"]
[EventCountry "GER"]
[SourceTitle "EXT 2019"]
[Source "ChessBase"]
[SourceDate "2018.10.10"]
[SourceVersion "1"]
[SourceVersionDate "2018.10.10"]
[SourceQuality "1"]
[WhiteTeam "MSA Zugzwang II"]
[BlackTeam "Bayern Muenchen III"]
[WhiteTeamCountry "GER"]
[BlackTeamCountry "GER"]

1. e4 e5 2. Nf3 Nc6 3. Bb5 f5 4. d3 fxe4 5. dxe4 Nf6 6. 0-0 Bc5 7. Bc4 d6 8. Ng5 Qe7 9. Bf7+ Kd8 10. Bb3 Rf8 11. Nc3 Nd4 12. h3 h6 13. Nf3 Nxf3+ 14. Qxf3 Ng4 15. hxg4 Rxf3 16. gxf3 Qh4 17. Be3 h5 18. Bxc5 hxg4 19. f4 g3 20. fxg3 Qxg3+ 21. Kh1 Bg4 22. Bg1 Bf3+ 23. Rxf3 Qxf3+ 24. Kh2 Kd7 0-1

[Event "Regionalliga SW 1415"]
[Site "Bayern"]
[Date "2015.03.15"]
[Round "8.4"]
[White "Ciaffone, Daniel"]
[Black "Jermann, Frank"]
[Result "1-0"]
[WhiteElo "2095"]
[BlackElo "1976"]
[PlyCount "43"]
[EventDate "2014.10.19"]
[EventType "team-tourn"]
[EventRounds "9"]
[EventCountry "GER"]
[SourceTitle "EXT 2018"]
[Source "ChessBase"]
[SourceDate "2017.10.13"]
[SourceVersion "1"]
[SourceVersionDate "2017.10.13"]
[SourceQuality "1"]
[WhiteTeam "Bayern Muenchen III"]
[BlackTeam "Mering"]
[WhiteTeamCountry "GER"]
[BlackTeamCountry "GER"]

1. e4 d5 2. exd5 Qxd5 3. Nc3 Qd6 4. d4 Nf6 5. Nf3 c6 6. Ne5 Nbd7 7. Nc4 Qc7 8. Qf3 Nb6 9. Bf4 Qd7 10. h3 Nxc4 11. Bxc4 Qxd4 12. Bb3 e6 13. Rd1 Qc5 14. 0-0 Be7 15. Ne4 Nxe4 16. Qxe4 0-0 17. Be5 Rd8 18. Rxd8+ Bxd8 19. Rd1 Be7 20. c4 f6 21. Bc3 e5 22. Bb4 1-0

[Event "Regionalliga SW 1415"]
[Site "Bayern"]
[Date "2014.12.07"]
[Round "4.4"]
[White "Ciaffone, Daniel"]
[Black "Boehm, Uwe"]
[Result "0-1"]
[WhiteElo "2095"]
[BlackElo "2034"]
[PlyCount "118"]
[EventDate "2014.10.19"]
[EventType "team-tourn"]
[EventRounds "9"]
[EventCountry "GER"]
[SourceTitle "EXT 2018"]
[Source "ChessBase"]
[SourceDate "2017.10.13"]
[SourceVersion "1"]
[SourceVersionDate "2017.10.13"]
[SourceQuality "1"]
[WhiteTeam "Bayern Muenchen III"]
[BlackTeam "Muenchen Siemens"]
[WhiteTeamCountry "GER"]
[BlackTeamCountry "GER"]

1. e4 c6 2. d4 d5 3. exd5 cxd5 4. c4 Nf6 5. Nc3 Nc6 6. Nf3 Bg4 7. cxd5 Nxd5 8. Qb3 Bxf3 9. gxf3 Nb6 10. d5 Nd4 11. Qd1 e5 12. dxe6 fxe6 13. Be3 Bc5 14. b4 Qf6 15. bxc5 Nxf3+ 16. Ke2 0-0 17. cxb6 Rad8 18. Qc1 Qf5 19. Qb1 Qh5 20. h3 Nd2+ 21. Ke1 Nxb1 22. Rxb1 axb6 23. Rg1 Qe5 24. Rb3 Rc8 25. Rg5 Qf6 26. Kd2 Rfd8+ 27. Bd3 Rd7 28. Rg4 Rcd8 29. Nd1 Qa1 30. Nb2 Qxa2 31. Rgb4 Qb1 32. Ke2 Qh1 33. Bxb6 Ra8 34. Be3 Qxh3 35. Rxb7 Qh5+ 36. Kd2 Qd5 37. Rxd7 Qxd7 38. Kc3 Qd5 39. Nc4 Rc8 40. Ra3 h5 41. Ra4 h4 42. Kd2 Rd8 43. Nb2 Qb3 44. Bd4 Rxd4 45. Rxd4 Qxb2+ 46. Ke3 Qc1+ 47. Kf3 g5 48. Kg4 Kg7 49. Re4 Kf6 50. Bc4 Qd1+ 51. Be2 Qg1+ 52. Kh5 Qxf2 53. Bg4 e5 54. Ra4 Qe3 55. Ra6+ Ke7 56. Rg6 h3 57. Rxg5 h2 58. Rg7+ Kf8 59. Kg6 Qb6+ 0-1

[Event "Regionalliga SW 1314"]
[Site "Bayern"]
[Date "2014.01.19"]
[Round "5.3"]
[White "Ciaffone, Daniel"]
[Black "Cuadrado, Guillermo"]
[Result "1/2-1/2"]
[WhiteElo "2053"]
[BlackElo "2049"]
[PlyCount "33"]
[EventDate "2013.10.13"]
[EventType "team-tourn"]
[EventRounds "9"]
[EventCountry "GER"]
[SourceTitle "EXT 2015"]
[Source "ChessBase"]
[SourceDate "2014.11.20"]
[SourceVersion "1"]
[SourceVersionDate "2014.11.20"]
[SourceQuality "1"]
[WhiteTeam "Bayern Muenchen III"]
[BlackTeam "Muenchen RTA"]
[WhiteTeamCountry "GER"]
[BlackTeamCountry "GER"]

1. e4 g6 2. d4 Bg7 3. c4 c5 4. Ne2 cxd4 5. Nxd4 Nc6 6. Be3 Qb6 7. Nb5 Qa5+ 8. N5c3 Nf6 9. f3 0-0 10. Qd2 d6 11. Be2 Bd7 12. 0-0 Rfc8 13. Na3 a6 14. Rfd1 Rab8 15. Nd5 Qxd2 16. Rxd2 Be6 17. Nb6 1/2-1/2

[Event "Munich-ch MK op"]
[Site "Munich"]
[Date "2013.01.20"]
[Round "5"]
[White "Ciaffone, Daniel"]
[Black "Monninger, Moritz Franz"]
[Result "1/2-1/2"]
[WhiteElo "2065"]
[BlackElo "2087"]
[PlyCount "111"]
[EventDate "2013.01.11"]
[EventType "swiss"]
[EventRounds "7"]
[EventCountry "GER"]
[SourceTitle "EXT 2015"]
[Source "ChessBase"]
[SourceDate "2014.11.20"]
[SourceVersion "1"]
[SourceVersionDate "2014.11.20"]
[SourceQuality "1"]

1. e4 d5 2. exd5 Qxd5 3. Nc3 Qa5 4. d4 Nf6 5. Bc4 c6 6. Bd2 Bf5 7. Nge2 e6 8. Ng3 Bg6 9. h4 h6 10. Nd5 Qd8 11. Nf4 Bh7 12. Qe2 Bd6 13. 0-0-0 0-0 14. Ngh5 Ne4 15. Qg4 g5 16. Nxe6 Nxf2 17. Nxd8 Nxg4 18. Nxb7 Bc7 19. hxg5 hxg5 20. Bxg5 Nd7 21. Rh4 Bg6 22. Rdh1 Bxh5 23. Rxh5 Kg7 24. Rh7+ Kg6 25. Be7 Bf4+ 26. Kb1 Nf2 27. Bxf8 Nxh1 28. Rxh1 Rxf8 29. Na5 c5 30. Bb5 Nf6 31. dxc5 Ne4 32. Bd3 f5 33. g4 Kf6 34. gxf5 Nxc5 35. Nc4 Nxd3 36. cxd3 Kxf5 37. Rh7 a6 38. Re7 Rf6 39. Kc2 Rc6 40. Re4 Rc5 41. b4 Rb5 42. Kc3 Bg3 43. Ne3+ Kf6 44. Kc4 Bd6 45. Nd5+ Kf7 46. a4 Rb8 47. Kb3 Rb7 48. Rh4 Rb8 49. Rc4 a5 50. b5 Ke6 51. Nc3 Bb4 52. Ne2 Kd5 53. Nd4 Rh8 54. Nc6 Bd2 55. d4 Rh3+ 56. Kc2 1/2-1/2

[Event "Munich-ch MK op"]
[Site "Munich"]
[Date "2013.01.18"]
[Round "3"]
[White "Ciaffone, Daniel"]
[Black "Demir, Bilal"]
[Result "1/2-1/2"]
[WhiteElo "2065"]
[BlackElo "2075"]
[PlyCount "45"]
[EventDate "2013.01.11"]
[EventType "swiss"]
[EventRounds "7"]
[EventCountry "GER"]
[SourceTitle "EXT 2015"]
[Source "ChessBase"]
[SourceDate "2014.11.20"]
[SourceVersion "1"]
[SourceVersionDate "2014.11.20"]
[SourceQuality "1"]

1. e4 e6 2. d4 d5 3. Nd2 Be7 4. Ngf3 Nf6 5. e5 Nfd7 6. Bd3 c5 7. c3 Nc6 8. 0-0 g5 9. b4 cxd4 10. cxd4 Nxb4 11. Be2 Nb6 12. Nb3 h6 13. a4 Bd7 14. Nc5 Bxc5 15. dxc5 Nc4 16. Qb3 Nc6 17. Bxc4 Na5 18. Qb4 Nxc4 19. Qxb7 Qb8 20. c6 Qxb7 21. cxb7 Rb8 22. Rb1 Bc6 23. Be3 1/2-1/2

[Event "Munich-ch MK op"]
[Site "Munich"]
[Date "2013.01.12"]
[Round "2"]
[White "Josch, Sylvio"]
[Black "Ciaffone, Daniel"]
[Result "1/2-1/2"]
[WhiteElo "2107"]
[BlackElo "2065"]
[PlyCount "22"]
[EventDate "2013.01.11"]
[EventType "swiss"]
[EventRounds "7"]
[EventCountry "GER"]
[SourceTitle "EXT 2015"]
[Source "ChessBase"]
[SourceDate "2014.11.20"]
[SourceVersion "1"]
[SourceVersionDate "2014.11.20"]
[SourceQuality "1"]

1. e4 e5 2. Nf3 Nc6 3. Nc3 Nf6 4. Bb5 Nd4 5. Ba4 Bc5 6. Nxe5 0-0 7. Nd3 Bb6 8. Nf4 d5 9. Ncxd5 Nxd5 10. Nxd5 Qh4 11. Ne3 Qxe4 1/2-1/2

[Event "Bayern-ch 83th"]
[Site "Bayerisch Eisenstein"]
[Date "2012.08.18"]
[Round "1"]
[White "Ciaffone, Daniel"]
[Black "Lentrodt, Thomas"]
[Result "1/2-1/2"]
[WhiteElo "2085"]
[BlackElo "2254"]
[PlyCount "93"]
[EventDate "2012.08.18"]
[EventType "swiss"]
[EventRounds "9"]
[EventCountry "GER"]
[SourceTitle "EXT 2013"]
[Source "ChessBase"]
[SourceDate "2012.11.22"]
[SourceVersion "1"]
[SourceVersionDate "2012.11.22"]
[SourceQuality "1"]

1. e4 e6 2. d4 d5 3. Nd2 c5 4. exd5 Qxd5 5. Ngf3 cxd4 6. Bc4 Qh5 7. Nxd4 Qxd1+ 8. Kxd1 a6 9. Re1 Nf6 10. N2f3 Bc5 11. Ke2 0-0 12. Nb3 Ba7 13. Ne5 Nbd7 14. Nxd7 Bxd7 15. Be3 Bxe3 16. Kxe3 Rac8 17. Bd3 Nd5+ 18. Kd2 Rfd8 19. Nd4 Nb4 20. c3 Nc6 21. Nxc6 Bxc6 22. f3 Bb5 23. Re3 Rc7 24. Kc2 Bc6 25. Rd1 Kf8 26. Be4 Rxd1 27. Kxd1 Bxe4 28. Rxe4 Rd7+ 29. Ke2 Ke7 30. Rc4 e5 31. f4 Ke6 32. fxe5 Kxe5 33. Rc5+ Kd6 34. Rh5 Re7+ 35. Kd3 h6 36. Rf5 f6 37. a4 Re1 38. b4 Ra1 39. Rf3 Rxa4 40. Rg3 g5 41. Rh3 Ra2 42. Rxh6 Ke5 43. g3 b5 44. Rh5 Kf5 45. Rh6 Ke5 46. Rh5 Rg2 47. Ke3 1/2-1/2

[Event "Regionalliga SW 1112"]
[Site "Bayern"]
[Date "2012.01.15"]
[Round "5.8"]
[White "Ciaffone, Daniel"]
[Black "Mueller, Constantin"]
[Result "0-1"]
[WhiteElo "2089"]
[BlackElo "1963"]
[PlyCount "78"]
[EventDate "2011.10.02"]
[EventType "team-tourn"]
[EventRounds "9"]
[EventCountry "GER"]
[SourceTitle "EXT 2013"]
[Source "ChessBase"]
[SourceDate "2012.11.22"]
[SourceVersion "1"]
[SourceVersionDate "2012.11.22"]
[SourceQuality "1"]
[WhiteTeam "Bayern Muenchen III"]
[BlackTeam "Muenchen Suedost"]
[WhiteTeamCountry "GER"]
[BlackTeamCountry "GER"]

1. e4 c5 2. c3 e6 3. d4 d5 4. exd5 exd5 5. Be3 Qb6 6. Qe2 c4 7. g3 Bf5 8. Bg2 Bd3 9. Qd2 Nf6 10. f3 Bd6 11. Kf2 h5 12. Nh3 h4 13. Re1 Kf8 14. Bf4 hxg3+ 15. hxg3 Nh5 16. Bxd6+ Qxd6 17. Qg5 Nc6 18. Nd2 Rh6 19. g4 Qg3+ 20. Kg1 Nf6 21. Qf4 Rxh3 22. Qxg3 Rxg3 23. Kf2 Rxg2+ 24. Kxg2 b5 25. a3 a5 26. Kg3 g6 27. Kf4 Nd7 28. Nf1 Nb6 29. Ne3 Rd8 30. Rh1 Ke7 31. Rac1 Kd6 32. g5 Na4 33. Rh7 f6 34. Rg7 fxg5+ 35. Kxg5 Rf8 36. Ng4 Rf5+ 37. Kh4 Rxf3 38. Rg8 Rf5 39. Nh6 Rh5+ 0-1

[Event "Landesliga Sued 0708"]
[Site "Bayern"]
[Date "2008.01.20"]
[Round "5.5"]
[White "Egger, Thomas"]
[Black "Ciaffone, Daniel"]
[Result "1/2-1/2"]
[WhiteElo "2194"]
[BlackElo "2021"]
[PlyCount "73"]
[EventDate "2007.10.21"]
[EventType "team-tourn"]
[EventRounds "9"]
[EventCountry "GER"]
[SourceTitle "EXT 2009"]
[Source "ChessBase"]
[SourceDate "2008.11.26"]
[SourceVersion "1"]
[SourceVersionDate "2008.11.26"]
[SourceQuality "1"]
[WhiteTeam "Krumbach"]
[BlackTeam "Bayern Muenchen III"]
[WhiteTeamCountry "GER"]
[BlackTeamCountry "GER"]

1. Nf3 d5 2. g3 e6 3. Bg2 c5 4. d3 Nc6 5. Nbd2 Nf6 6. 0-0 Be7 7. e4 dxe4 8. dxe4 0-0 9. Re1 b6 10. e5 Nd7 11. Nd4 cxd4 12. Bxc6 Rb8 13. Nb3 Qc7 14. Bg2 Bc5 15. Bf4 b5 16. Nxd4 Qb6 17. c3 Bb7 18. Bxb7 Rxb7 19. Qf3 b4 20. Nb3 bxc3 21. bxc3 Rc7 22. Rad1 Rfc8 23. Nd2 Bf8 24. Ne4 Qa5 25. Qg4 Nb6 26. Nf6+ Kh8 27. Qh4 gxf6 28. Qxf6+ Kg8 29. Bh6 Bxh6 30. Re4 Nd5 31. Rg4+ Kf8 32. Qxh6+ Ke7 33. Qh4+ Kf8 34. c4 Ne7 35. Qh6+ Ke8 36. Qf6 Ng6 37. Rxg6 1/2-1/2

[Event "Regionalliga SW 0607"]
[Site "Bayern"]
[Date "2007.03.18"]
[Round "7.6"]
[White "Ciaffone, Daniel"]
[Black "Czap, Bernhard"]
[Result "0-1"]
[WhiteElo "2009"]
[BlackElo "2099"]
[PlyCount "120"]
[EventDate "2006.10.15"]
[EventType "team-tourn"]
[EventRounds "9"]
[EventCountry "GER"]
[SourceTitle "EXT 2008"]
[Source "ChessBase"]
[SourceDate "2007.11.25"]
[SourceVersion "1"]
[SourceVersionDate "2007.11.25"]
[SourceQuality "1"]
[WhiteTeam "Bayern Muenchen III"]
[BlackTeam "Unterhaching"]
[WhiteTeamCountry "GER"]
[BlackTeamCountry "GER"]

1. d4 f5 2. Nc3 Nf6 3. Bg5 d5 4. g3 e6 5. Nf3 Be7 6. Bg2 0-0 7. 0-0 b6 8. e3 Bb7 9. Ne2 c5 10. Ne5 Nc6 11. Nxc6 Bxc6 12. c4 Ne4 13. Bxe7 Qxe7 14. cxd5 exd5 15. Nf4 Rfd8 16. Rc1 Rac8 17. g4 Bb5 18. Qb3 Bc4 19. Rxc4 dxc4 20. Qxc4+ Kh8 21. gxf5 Nd2 22. Qe2 Nxf1 23. Qh5 Qe8 24. Qh4 Rd6 25. Bxf1 cxd4 26. exd4 Rc1 27. Nd3 Rc4 28. Qg3 Rcxd4 29. Ne5 Rd1 30. Ng4 Rd8 31. Ne3 Re1 32. Qh4 Rc8 33. Qb4 Rcc1 34. Kg2 Qc6+ 35. Kg1 Qc5 36. Qh4 Qf8 37. Kg2 Qf6 38. Qg3 Qc6+ 39. Kg1 Qc8 40. Kg2 Qc7 41. Qg5 h6 42. Qh4 Qc6+ 43. Kg1 Qf6 44. Qg3 Qg5 45. Kg2 Rb1 46. b3 Rb2 47. Ng4 h5 48. f6 gxf6 49. Qb8+ Qg8 50. Qxg8+ Kxg8 51. Nxf6+ Kf8 52. Nxh5 Rxa2 53. Bc4 Rc1 54. Kg3 Rcc2 55. f4 Rxh2 56. Nf6 Rhb2 57. Kg4 Ra3 58. Nd7+ Ke7 59. Ne5 a5 60. Nc6+ Kf6 0-1

[Event "Regionalliga SW 0607"]
[Site "Bayern"]
[Date "2006.10.15"]
[Round "1.8"]
[White "Birnbaum, Karsten"]
[Black "Ciaffone, Daniel"]
[Result "0-1"]
[WhiteElo "1923"]
[BlackElo "2009"]
[PlyCount "58"]
[EventDate "2006.10.15"]
[EventType "team-tourn"]
[EventRounds "9"]
[EventCountry "GER"]
[SourceTitle "EXT 2008"]
[Source "ChessBase"]
[SourceDate "2007.11.25"]
[SourceVersion "1"]
[SourceVersionDate "2007.11.25"]
[SourceQuality "1"]
[WhiteTeam "Klosterlechfeld"]
[BlackTeam "Bayern Muenchen III"]
[WhiteTeamCountry "GER"]
[BlackTeamCountry "GER"]

1. d4 d5 2. Nf3 e6 3. c4 c5 4. cxd5 exd5 5. Nc3 Nc6 6. Bg5 Be7 7. Bxe7 Ngxe7 8. e3 Qb6 9. Bb5 0-0 10. 0-0 Bg4 11. dxc5 Qxc5 12. Rc1 Rad8 13. Qa4 Bxf3 14. gxf3 d4 15. Ne4 Qf5 16. Be2 Nd5 17. Rc5 dxe3 18. fxe3 Qg6+ 19. Kh1 Nxe3 20. Rg1 Qe6 21. Qb5 Nd4 22. Ng5 Nxb5 23. Nxe6 fxe6 24. Rxb5 Rd2 25. Rxb7 g6 26. Re1 Nc2 27. Rd1 Rxe2 28. Rdd7 Rxf3 29. Rd8+ Rf8 0-1

[Event "Regionalliga SW 0506"]
[Site "Bayern"]
[Date "2006.02.19"]
[Round "7.6"]
[White "Ciaffone, Daniel"]
[Black "Rogg, Gerhard"]
[Result "1/2-1/2"]
[WhiteElo "2016"]
[BlackElo "2018"]
[PlyCount "67"]
[EventDate "2005.10.23"]
[EventType "team-tourn"]
[EventRounds "9"]
[EventCountry "GER"]
[SourceTitle "EXT 2007"]
[Source "ChessBase"]
[SourceDate "2006.11.23"]
[SourceVersion "1"]
[SourceVersionDate "2006.11.23"]
[SourceQuality "1"]

1. d4 e6 2. e4 d5 3. Nc3 Nf6 4. Bg5 Be7 5. e5 Nfd7 6. Bxe7 Qxe7 7. f4 a6 8. Nf3 c5 9. Qd2 Nc6 10. g3 b5 11. Bg2 Nb6 12. b3 Bd7 13. Ne2 Rc8 14. c3 b4 15. cxb4 cxb4 16. 0-0 Na7 17. g4 Bb5 18. f5 Bxe2 19. Qxe2 Nb5 20. f6 gxf6 21. exf6 Qd6 22. Qd2 Nd7 23. Rae1 Nc3 24. Ne5 Nxe5 25. Rxe5 Kd7 26. g5 Rcg8 27. a3 a5 28. axb4 axb4 29. Ra1 Ra8 30. Ree1 Qb6 31. Rxa8 Rxa8 32. Qd3 Rh8 33. Kh1 Qa7 34. Bf1 1/2-1/2